Clic Qui gouverne en Europe le 1er janvier 1950 ? - Statistiques

Statistiques générales
  • Ce quiz a été pris 29 fois
  • Le résultat moyen est 19 sur 31
Statistiques - réponses
Hint Réponse % Correct
URSS Joseph Staline
94%
Vatican Pie XII
88%
République du Portugal António de Oliveira Salazar
81%
Royaume-Uni George VI
81%
République de Turquie İsmet İnönü
81%
Royaume de Yougoslavie Josip Broz Tito.
81%
Royaume de Belgique Léopold III
81%
Principauté de Monaco Rainier III
81%
République française Vincent Auriol
81%
République de Pologne Bolesław Bierut
75%
Royaume d'Espagne Francisco Franco
75%
République de Hongrie Mátyás Rákosi
69%
République d'Irlande Seán T. O'Kelly
69%
Principauté d'Andorre (2e co-prince) Ramon Iglesias y Navarri
63%
République de Saint-Marin Vincenzo Pedini & Agostino Biordi
63%
Royaume de Suède Gustaf VI Adolf
56%
République de Finlande Juho Kusti Paasikivi
56%
Royaume de Norvège Olav V
56%
Principauté du Liechtenstein Franz Joseph II
50%
Royaume de Danemark Frédéric IX
50%
République de Roumanie Gheorghe Gheorghiu-Dej
50%
République d'Italie Luigi Einaudi
50%
Confédération suisse Max Petitpierre
50%
Royaume de Grèce Paul 1er
50%
République Fédérale d'Allemagne Theodor Heuss
50%
République d'Albanie Enver Hoxha
44%
Royaume des Pays-Bas Juliana
44%
République de Tchécoslovaquie Klement Gottwald.
44%
République de Bulgarie Mincho Neychev
44%
Grand-duché de Luxembourg Jean
31%
République Démocratique Allemande Wilhelm Pieck
25%
Aucun quiz correspondant
Distribution des résultats
% des personnes avec chaque résultat
Percentile par nombre de réponses
Votre historique - résultats
Vous n’avez pas pris ce quiz